|
|
|
|
| LEADER |
01019nam a2200325 4500 |
| 001 |
DLU090093892 |
| 005 |
##20091201 |
| 040 |
# |
# |
|a DLU
|b eng
|
| 041 |
# |
# |
|a eng
|
| 044 |
# |
# |
|a us
|
| 100 |
# |
# |
|a Jin, Fangming.
|
| 245 |
# |
# |
|a Oxidation reaction of high molecular weight carboxylic acids in supercritical water /
|c Fangming Jin, Takehiko Moriya, Heiji Enomoto.
|
| 653 |
# |
# |
|a Carboxylic acids
|
| 653 |
# |
# |
|a Free radical reaction
|
| 653 |
# |
# |
|a Oxidation
|
| 653 |
# |
# |
|a Physicochemical purification
|
| 653 |
# |
# |
|a Reaction mechanism
|
| 653 |
# |
# |
|a Waste water purification
|
| 700 |
# |
# |
|a Enomoto, Heiji.
|
| 700 |
# |
# |
|a Moriya, Takehiko.
|
| 773 |
# |
# |
|t Environmental Science & Technology
|g Vol. 37, no. 14 (July 2003), p. 3220-3231
|
| 920 |
# |
# |
|a Phòng Tạp chí -- Trung tâm Thông tin - Thư viện Trường Đại học Đà Lạt
|
| 994 |
# |
# |
|a DLU
|
| 900 |
# |
# |
|a True
|
| 911 |
# |
# |
|a Trương Bảo Trâm Anh
|
| 925 |
# |
# |
|a G
|
| 926 |
# |
# |
|a A
|
| 927 |
# |
# |
|a BB
|
| 980 |
# |
# |
|a Thư viện Trường Đại học Đà Lạt
|